000 00845nam a2200241 a 4500
999 _c11122
_d11122
001 11122
003 BD-JhCC
005 20190731113403.0
008 190631b 2016bg a|||| ||a| 000 0 ben d
020 _a9789849120391
035 _a(BD-JhCC)11122
040 _aBD-JhCC
_dBD-JhCC
041 _aben
082 _a954.913805
_bTUR 2016
100 _aতুরিন, গেইল
245 _aআতঙ্কের দেয়াল:
_bবাংলাদেশ-ভারত সীমান্ত /
_cঅনুবাদ: অসিত রায় ।
260 _aঢাকা:
_bপ্রথমা প্রকাশন;
_c২০১৬.
300 _a৭৯ পৃঃ . :
_bill;
_c৭ সেমি.
651 _aPolitics and government
_zBangladesh
_zIndia
700 _a রায়, অসিত
942 _2ddc
_cBK